Southville International School and Colleges
Your cart is empty.
  • Cart
  • Lists
    Public lists Eva Luna New books Lux_list list_1
    Your lists Log in to create your own lists
  • Log in to your account
  • Your cookies
  • Search history
Southville International School and Colleges
  • Advanced search
  • Recent comments
  • Most popular
  • Libraries

Log in to your account

Log in with GOOGLE


If you do not have an external account, but do have a local account, you can still log in:

  1. Home
  2. MARC view: Design and development of an alumni tracking system for the tertiary level of SISC Office of the Student Affairs
Normal view MARC view ISBD view

Design and development of an alumni tracking system for the tertiary level of SISC Office of the Student Affairs (Record no. 367202)

[ view plain ]
MARC details
000 -LEADER
fixed length control field 00925nam a22002177a 4500
003 - CONTROL NUMBER IDENTIFIER
control field 0
005 - DATE AND TIME OF LATEST TRANSACTION
control field 20250213115807.0
008 - FIXED-LENGTH DATA ELEMENTS--GENERAL INFORMATION
fixed length control field 250213b xxu||||| |||| 00| 0 eng d
050 ## - LIBRARY OF CONGRESS CALL NUMBER
Classification number LB 1028.43
Item number .D66 2023
100 ## - MAIN ENTRY--PERSONAL NAME
Personal name Donor, Charles L.
245 ## - TITLE STATEMENT
Title Design and development of an alumni tracking system for the tertiary level of SISC Office of the Student Affairs
Statement of responsibility, etc Charles L. Donor
260 ## - PUBLICATION, DISTRIBUTION, ETC. (IMPRINT)
Place of publication, distribution, etc Las Pinas City
Name of publisher, distributor, etc Southville International School and Colleges
Date of publication, distribution, etc c2023.
300 ## - PHYSICAL DESCRIPTION
Extent xi, 153 pages ;
Dimensions 28cm.
500 ## - GENERAL NOTE
General note Bachelor of Science in Information Technology.<br/>
504 ## - BIBLIOGRAPHY, ETC. NOTE
Bibliography, etc Includes bibliographical references and appendices. <br/>
650 ## - SUBJECT ADDED ENTRY--TOPICAL TERM
Topical term or geographic name as entry element Alumni and alumnae—Tracking systems.
650 ## - SUBJECT ADDED ENTRY--TOPICAL TERM
Topical term or geographic name as entry element Educational technology—Higher education.
650 ## - SUBJECT ADDED ENTRY--TOPICAL TERM
Topical term or geographic name as entry element Database management—Educational institutions.
650 ## - SUBJECT ADDED ENTRY--TOPICAL TERM
Topical term or geographic name as entry element Southville International School and Colleges—Alumni Tracking System.
942 ## - ADDED ENTRY ELEMENTS (KOHA)
Source of classification or shelving scheme Library of Congress Classification
Koha item type Theses
Holdings
Withdrawn status Lost status Source of classification or shelving scheme Damaged status Home library Current library Shelving location Date acquired Source of acquisition Sub Shelving location Total Checkouts Full call number Barcode Date last seen Price effective from Koha item type
    Library of Congress Classification   College Library College Library Theses Section 02/13/2025 Donation     LB 1028.43 .D66 2023 T1402 02/13/2025 02/13/2025 Theses

Design and development of an alumni tracking system for the tertiary level of SISC Office of the Student Affairs

APA

Donor C. L., . (2023). Design and development of an alumni tracking system for the tertiary level of SISC Office of the Student Affairs. Las Pinas City: Southville International School and Colleges.

Chicago

Donor Charles L, . 2023. Design and development of an alumni tracking system for the tertiary level of SISC Office of the Student Affairs. Las Pinas City: Southville International School and Colleges.

Harvard

Donor C. L., . (2023). Design and development of an alumni tracking system for the tertiary level of SISC Office of the Student Affairs. Las Pinas City: Southville International School and Colleges.

MLA

Donor Charles L, . Design and development of an alumni tracking system for the tertiary level of SISC Office of the Student Affairs. Las Pinas City: Southville International School and Colleges. 2023.

  • Print
  • Cite
  • Add to your cart (remove)
  • Save record
    BIBTEX Dublin Core MARCXML MARC (non-Unicode/MARC-8) MARC (Unicode/UTF-8) MARC (Unicode/UTF-8, Standard) MODS (XML) RIS
  • More searches
    Search for this title in:
    Other Libraries (WorldCat) Other Databases (Google Scholar) Online Stores (Bookfinder.com) Open Library (openlibrary.org)

Exporting to Dublin Core...

SOUTHVILLE LIBRARY

Southville International School and Colleges Library

1281 Tropical Ave. Cor. Luxembourg St., BF Homes International, Las Pinas City

Tel. No. 8256374 / 252358 Loc. 117/146

Powered by Koha